• 首页
  • 本馆介绍
  • 公告通知
  • 最新文献
  • 馆藏检索
  • 电子资源
  • 读者导购
  • 参考咨询
  • 我的图书馆
  • 登录
  • 详细信息显示
  • 放入我的书架
  • 预约/预借图书
  • 作者相关作品
  • 分类相关作品
  • 丛书相关作品
  • 出版社相关作品

书目信息

  • 表格格式
  • 工作单格式
  • 卡片格式
题名:
传统工艺的秘密——榫卯
    
 
作者: 乔宇 著
分册:  
出版信息: 北京   机械工业出版社  2023
页数: 213页
开本: 26cm
丛书名:
单 册:
中图分类: TS664.103
科图分类:
主题词: 木家具--木结构--介绍--中国--古代
电子资源:
ISBN: 978-7-111-73210-5
000 00940nam0 2200253 450
001 012024000401
005 20240924225236.0
010    @a978-7-111-73210-5@b精装@dCNY138.00
100    @a20240924d2023 em y0chiy50 ea
101 0  @achi
102    @aCN@b110000
105    @aa z 001yy
106    @ar
200 1  @a传统工艺的秘密——榫卯@Achuan tong gong yi de mi mi——sun mao@f乔宇著
210    @a北京@c机械工业出版社@d2023
215    @a213页@c图,照片@d26cm
300    @a项目支持:国家艺术基金、北京市社会科学基金
330    @a本书介绍了我国传统工艺榫卯的发展历程、特点、所用材料等,以“经典小木作”和“经典大木作”为倒,分别介绍了榫卯结构的应用。
510 1  @aMortise and tenon joints - the secret of the traditional craft@zeng
606 0  @a木家具@x木结构@x介绍@y中国@z古代
690    @aTS664.103@v5
701  0 @a乔宇@Aqiao yu@4著
801  0 @aCN@bAHXH@c20240924
905    @b214145423@b214145432@b214145441@dTS664.103@e58@f3
    
    传统工艺的秘密——榫卯/乔宇著.-北京:机械工业出版社,2023
    213页:图,照片;26cm
    项目支持:国家艺术基金、北京市社会科学基金
    
    ISBN 978-7-111-73210-5(精装):CNY138.00
    本书介绍了我国传统工艺榫卯的发展历程、特点、所用材料等,以“经典小木作”和“经典大木作”为倒,分别介绍了榫卯结构的应用。
●
相关链接 在E读中查询图书 在五车中查询图书 在当当中查询图书 在豆瓣中查询图书


正题名:传统工艺的秘密——榫卯     索取号:TS664.103/58         预约/预借

序号 登录号 条形码 馆藏地/架位号 状态 备注
1 1414542   214145423   第二样本阅览室/ [索取号:TS664.103/58] 在馆    
2 1414543   214145432   第三借阅区/ [索取号:TS664.103/58] 在馆    
3 1414544   214145441   第三借阅区/ [索取号:TS664.103/58] 在馆    
唐山师范学院图书馆 欢迎您!
大连网信软件有限公司© 版权所有